| 000 | 02041nam a2200517 i 4500 | ||
|---|---|---|---|
| 001 | 14048 | ||
| 003 | KOSZ 005 | ||
| 005 | 20230213124123.0 | ||
| 008 | 180512s1970 us a f 000 0 pol d | ||
| 040 |
_aKOSZ 005 _cKOSZ 005/RW _dKOSZ 005/HR |
||
| 041 | 1 |
_apol _heng |
|
| 046 | _k1970 | ||
| 080 | _a628.1/.3 | ||
| 080 | _a504.5 | ||
| 080 | _a556.5 | ||
| 080 | _a(03) | ||
| 245 | 0 | 0 |
_aSłownik terminów technicznych i rysunki urządzeń doświadczalnych / _c[tłumaczenie pod redakcją Jana Dojlido] ; Światowa Organizacja Zdrowia. |
| 246 | 1 | 5 | _aGlossary of technical terms and drawings of experimental equipment |
| 260 |
_aAustin : _bUniwersytet Teksaski ; _aWarszawa : _bInstytut Gospodarki Wodnej, _c1970. |
||
| 300 |
_a46 stron : _bilustracje ; _c28 cm. |
||
| 336 |
_aTekst _btxt _2rdacontent |
||
| 337 |
_aBez urządzenia pośredniczącego _bn _2rdamedia |
||
| 338 |
_aWolumin _bnc _2rdacarrier |
||
| 380 | _aKsiążki | ||
| 380 | _aPublikacje informacyjne | ||
| 388 | _a1901-2000 | ||
| 388 | _a1945-1989 | ||
| 490 | 1 |
_aProjekt FS ONZ - Polska 26 ; _vt. 5 |
|
| 500 | _aW opracowaniu wykorzystano fragmenty słownika "Glossary-water and sewage control engineering" wydanego przez American Public Health Association [et. al]. | ||
| 650 | 4 | _aJakość wody | |
| 650 | 4 | _aTerminologia | |
| 650 | 4 | _aŚcieki | |
| 650 | 4 | _aOczyszczanie ścieków | |
| 650 | 4 | _aWoda | |
| 650 | 4 | _aUrządzenia | |
| 655 | 4 | _aSłownik terminologiczny | |
| 658 | _aInżynieria i technika | ||
| 658 | _aOchrona środowiska | ||
| 700 | 1 |
_aDojlido, Jan Ryszard _d(1930-2018) _eRedakcja |
|
| 710 | 2 |
_aUniversity of Texas (Austin). _4pbl. |
|
| 710 | 2 |
_aInstytut Gospodarki Wodnej _4pbl. |
|
| 710 | 2 | _aŚwiatowa Organizacja Zdrowia | |
| 830 | 0 |
_aProjekt FS ONZ - Polska 26 _vt. 5 |
|
| 856 |
_uhttp://koha.tu.koszalin.pl/cgi-bin/koha/opac-detail.pl?biblionumber=14048 _yKatalog online BPK |
||
| 942 |
_cKS _2UKD |
||
| 999 |
_c14048 _d14048 |
||